000 00463nam a22001457a 4500
999 _c113454
_d113454
005 20190803103810.0
008 190803b ||||| |||| 00| 0 eng d
040 _cPK-LaUMT
082 _aMSC 928.91439
_bSAR-H
100 _aSarfraz Ali Hussain = سرفراز علی حسین
245 _aHarf Sad = حرف صاد/
_cby Sarfraz Ali Hussain = سرفراز علی حسین
260 _aLahore :
_bShirkat Printing Press,
_c2010
300 _a223 p.
942 _cBK